000 00910namaa22001931 4500
001 174058
003 ES-MaACL
005 20230906215427.0
008 100210s1909 sp |||| | spa d
080 _a860-293.21"19"
100 1 _aRomero Landa, Gabriel Arturo.
_999401
245 1 3 _aEl hijo del pescador
_b: zarzuela en un acto y cinco cuadros /
_coriginal de Gabriel Romero Landa ; música... Baltasar Moya Sancho.
260 _aPalma de Mallorca :
_b[s.n.],
_c1909 (
_fTip. Amengual y Muntaner)
300 _a35 p. ;
_c19 cm.
500 _aSolo la letra.
500 _aEn port.: Estrenada en el teatro Lírico de Palma de Mallorca en la noche del 26 de enero de 1909.
700 1 _aMoyà Sancho, Baltasar.
_9142135
852 _aES-MaACL
_jF-8648(10)
_z.- Enc. pasta española conservando la cub. original
_z.- Enc. en un vol. facticio formando parte de la col. facticia "Teatro español moderno" v. 105
999 _c174058
_d174058